| 000 | 00600nam a2200145Ia 4500 | ||
|---|---|---|---|
| 008 | 100122s9999 xx 000 0 und d | ||
| 082 |
_b35193 _a821 |
||
| 100 | _aज्ञानेश्वर | ||
| 245 | _aश्री ज्ञानेश्वरी भाग 1 अध्यय 1 ते 8 | ||
| 260 |
_bपूर्णिमा प्रकाशन _c1905 |
||
| 300 | _a210 | ||
| 630 | _aश्री ज्ञानेश्वरी भाग 1 अध्यय 1 ते 8 | ||
| 730 | _aश्री ज्ञानेश्वरी भाग 1 अध्यय 1 ते 8 | ||
| 942 | _cBOOK | ||
| 999 |
_c418502 _d418499 |
||